00541nam a2200169Ia 4500003000900000008004100009020001800050040001600068080001800084110002800102245012000130260002800250300001600278650002900294650001900323650002900342IN-BaIIA211028s9999 xx 000 0 eng d a0-8174-3210-8 cIIA Library a31.77bEKC-10 aEncyclopedia Britannica 0aEncyclopedia of Practical Photographybvol.10, Mo-PancEastman Kodak Company  aNew YorkbAmphotoc1978 a1665-1848p. aEncyclopedia-Photography aNASA Thesaurus aPhotography-Encyclopedia